00769nam a2200181Ia 4500999001700000082001200017100001800029245009800047260006300145300001300208504004100221650003400262650004500296650005000341710003900391942001200430952014500442 c11839d11839 aRR 0257 aRaman, Rakesh 0aComparative study of the socio-economic condition of small & big town urban street vendorsb: c2011bIndian Council of Social Science Research, New Delhi aiii, 203 aincludes appendices and bibliography aVendors and purchaserszIndia aStreet vendorsvSocial conditionszIndia aSocial conditionsvEconomic conditionszIndia aBanaras Hindu University, Varanasi cRP2ddc 00104070aNASSDOCbNASSDOCd2012-07-27eGifted by : RP Division, ICSSRi2012-07-13l0oRR 0257p47801r2019-04-18 00:00:00w2019-04-18yRP